Směnky mají zelenou.

Zmenka ako prevoditeľný cenný papier. Náležitosti zmenky. Akcept zmenky. Platenie zmenky. Zmenečné ručiteľstvo. Zmenečný postih a protest. Premlčanie zmenečných práv.

Saved in:
Bibliographic Details
Main Author: Odstrčilová, L.
Format: Book Chapter
Language:Czech
Subjects:
Tags: Add Tag
No Tags, Be the first to tag this record!

MARC

LEADER 00000naa a2200000 4500
001 r010354
005 20220831084120.1
041 0 |a cze 
044 |a [CS] 
245 1 0 |a Směnky mají zelenou.  |c L. Odstrčilová 
520 |a Zmenka ako prevoditeľný cenný papier. Náležitosti zmenky. Akcept zmenky. Platenie zmenky. Zmenečné ručiteľstvo. Zmenečný postih a protest. Premlčanie zmenečných práv. 
610 2 0 |a zmenky 
610 2 0 |a zákonník obchodný 
610 2 0 |a ČSFR 
610 2 0 |a pojmy 
100 1 |a Odstrčilová, L.